WWE Smackdown: Here Comes The Pain (PS2) Roster - Statistics

General Stats
  • This quiz has been taken 203 times
  • The average score is 36 of 63
Answer Stats
Wrestler % Correct
Brock Lesnar
94%
Triple H
91%
The Rock
87%
The Undertaker
86%
Kane
84%
Matt Hardy
84%
Edge
83%
John Cena
83%
Randy Orton
83%
Stone Cold Steve Austin
83%
The Big Show
83%
Eddie Guerrero
81%
Kurt Angle
81%
Ric Flair
78%
Chris Benoit
77%
Trish Stratus
77%
Chavo Guerrero
76%
Chris Jericho
76%
Christian
76%
Shawn Michaels
76%
Booker T
73%
D-Von Dudley
73%
Lita
73%
Rey Mysterio
73%
Bubba Ray Dudley
72%
Goldberg
71%
Rob Van Dam
65%
Vince McMahon
65%
Stephanie McMahon
60%
A-Train
59%
Goldust
58%
Shelton Benjamin
58%
Test
57%
Torrie Wilson
57%
Kevin Nash
56%
Charlie Haas
55%
Rikishi
54%
Jazz
51%
Victoria
50%
Stacy Keibler
47%
The Hurricane
47%
Tajiri
45%
Animal
44%
Rhyno
44%
Hawk
43%
Roddy Piper
42%
Scott Steiner
40%
Hillbilly Jim
39%
Sable
38%
Lance Storm
36%
Val Venis
35%
Ultimo Dragon
34%
The Iron Sheik
32%
Jimmy Snuka
30%
Eric Bischoff
29%
Sgt. Slaughter
29%
Rico
28%
Rodney Mack
27%
Steven Richards
27%
Ted Dibiase
24%
George Steele
22%
Sean O'Haire
20%
Nikolai Volkoff
19%
No matching quizzes found
Score Distribution
Percent of People with Each Score
Percentile by Number Answered
Your Score History
You have not taken this quiz